Normal view MARC view

Entry Personal Name

Number of records used in: 1

001 - CONTROL NUMBER

  • control field: 13814

003 - CONTROL NUMBER IDENTIFIER

  • control field: OSt

005 - DATE AND TIME OF LATEST TRANSACTION

  • control field: 20211015092044.0

008 - FIXED-LENGTH DATA ELEMENTS

  • fixed length control field: 211015|| aca||aabn | a|a d

040 ## - CATALOGING SOURCE

  • Original cataloging agency: OSt
  • Transcribing agency: OSt

100 ## - HEADING--PERSONAL NAME

  • Personal name: d.f.owen

670 ## - SOURCE DATA FOUND

  • Source citation: Work cat.: (OSt)12900: d.f.owen, man 's environmental predicament an introduction to human ecolgy in tropical africa, 1973